| 000 | 01166nam a2200325 a 4500 | ||
|---|---|---|---|
| 001 | vtls000182525 | ||
| 003 | NLI | ||
| 005 | 20210602110134.0 | ||
| 008 | 101125s1974 iau 101 0 eng | ||
| 020 | _a0813814804 | ||
| 039 | 9 |
_y201011252207 _zVLOAD |
|
| 040 |
_aNLI _beng _cDatasoft 1 _eAACR2 |
||
| 041 | 0 | _aeng | |
| 044 | _aiau | ||
| 082 | 0 | 4 | _a338.109 |
| 100 | 1 |
_aHewes, Laurence Ilsley, _d1902- _9348698 |
|
| 245 | 1 | 0 |
_aRural development : _bworld frontiers / _cLaurence Hewes |
| 260 |
_aAmes : _bIowa State University Press, _c1974 |
||
| 300 |
_axxviii, 186 p. ; _c23 cm. |
||
| 504 | _aIncludes bibliographical references and index | ||
| 650 | 0 |
_aAgriculture _xEconomic aspects _zDeveloping countries _9192496 |
|
| 650 | 0 |
_aInternational economic integration _966546 |
|
| 650 | 0 |
_aRural development _952279 |
|
| 711 | 2 |
_aConference on Expanding World Needs for Food and Fiber and the Protection of the Ecosystem _d(1971 : _cCenter for the Study of Democratic Institutions) _9348699 |
|
| 887 | _a | ||
| 901 |
_aG28372 _b12.09.1977 |
||
| 902 | _aE 338.109 H 492 | ||
| 942 |
_2ddc _cBKS |
||
| 949 |
_AVIRTUAITEM _D10000 _X100 _6GXX000028372ENG |
||
| 999 |
_aVIRTUA40 _c184591 _d184591 |
||